Esprit de Spinosa : (Record no. 44070)
[ view plain ]
| 000 -LEADER | |
|---|---|
| fixed length control field | 00818cpcaa2200229 4500 |
| 001 - CONTROL NUMBER | |
| control field | mm 83098400 |
| 003 - CONTROL NUMBER IDENTIFIER | |
| control field | DLC |
| 005 - DATE AND TIME OF LATEST TRANSACTION | |
| control field | 20260227111721.0 |
| 008 - FIXED-LENGTH DATA ELEMENTS--GENERAL INFORMATION | |
| fixed length control field | 830304|||||||||||| fre |
| 010 ## - LIBRARY OF CONGRESS CONTROL NUMBER | |
| LC control number | mm 83098400 |
| 040 ## - CATALOGING SOURCE | |
| Original cataloging agency | DLC |
| Transcribing agency | DLC |
| Description conventions | dacs |
| Modifying agency | DLC |
| 072 #7 - SUBJECT CATEGORY CODE | |
| Subject category code | S |
| Source | lcmd |
| 100 1# - MAIN ENTRY--PERSONAL NAME | |
| Personal name | Boulainvilliers, Henri, |
| Titles and words associated with a name | comte de, |
| Dates associated with a name | 1658-1722. |
| 245 00 - TITLE STATEMENT | |
| Title | Esprit de Spinosa : |
| Form | holograph manuscript, |
| Inclusive dates | undated. |
| 300 ## - PHYSICAL DESCRIPTION | |
| Extent | 1 |
| Type of unit | item. |
| 506 0# - RESTRICTIONS ON ACCESS NOTE | |
| Terms governing access | Open to research. |
| 520 8# - SUMMARY, ETC. | |
| Summary, etc. | Volume (260 pages). Also includes "Exposition de Sentiments de Spinosa." |
| 546 ## - LANGUAGE NOTE | |
| Language note | Collection material in French. |
| 600 10 - SUBJECT ADDED ENTRY--PERSONAL NAME | |
| Personal name | Spinoza, Benedictus de, |
| Dates associated with a name | 1632-1677. |
No items available.